Jiskra života /
Román líčí poslední dny v koncentračním táboře, kde vězňové bojují o záchranu svého života až do příchodu osvoboditelů.
Uloženo v:
| Hlavní autor: | |
|---|---|
| Další autoři: | |
| Médium: | E-kniha |
| Jazyk: | Czech |
| Vydáno: |
Praha :
Ikar,
2022
|
| Vydání: | Vydání v Euromedia Group čtvrté |
| Témata: | |
| On-line přístup: | Plný text - pro registrované uživatele NK ČR |
| Tagy: |
Žádné tagy |
| LEADER | 02915nam a2200541 i 4500 | ||
|---|---|---|---|
| 001 | 310649 | ||
| 003 | CZ PrSKC | ||
| 005 | 20260601215652.0 | ||
| 007 | ta | ||
| 008 | 220526s2022 xr g 000 f cze | ||
| 015 | |a cnb003392331 | ||
| 020 | |a 9788024947365 |q (vázáno) | ||
| 035 | |a (OCoLC)1335742904 | ||
| 040 | |a ABG001 |b cze |d ABA001 |e rda | ||
| 041 | 1 | |a cze |h ger | |
| 045 | |a x3x4 | ||
| 072 | 7 | |a 821.112.2-3 |x Německá próza, německy psaná |2 Konspekt | |
| 080 | |a 821.112.2-31 |2 MRF | ||
| 080 | |a 343.819.5 |2 MRF | ||
| 080 | |a 94(100)"1939/1945" |2 MRF | ||
| 080 | |a (0:82-311.6) |2 MRF | ||
| 100 | 1 | |a Remarque, Erich Maria, |d 1898-1970 |7 jn19981002079 |4 aut | |
| 240 | 1 | 0 | |a Funke Leben. |l Česky |7 aun2008482161 |
| 245 | 1 | 0 | |a Jiskra života / |c Erich Maria Remarque ; z německého originálu Der Funke Leben ... přeložila Věra Houbová |
| 250 | |a Vydání v Euromedia Group čtvrté | ||
| 264 | 1 | |a Praha : |b Ikar, |c 2022 | |
| 300 | |a 366 stran ; |c 21 cm | ||
| 336 | |a text |b txt |2 rdacontent | ||
| 337 | |a bez média |b n |2 rdamedia | ||
| 338 | |a svazek |b nc |2 rdacarrier | ||
| 520 | 2 | |a Román líčí poslední dny v koncentračním táboře, kde vězňové bojují o záchranu svého života až do příchodu osvoboditelů. |b Autorův pohled za dráty této továrny smrti nic nezakrývá, nezatajuje, netlumí. Děj se odehrává na počátku jara 1945, kde již ani vězňům nezůstávají utajeny příznaky blížícího se konce války. Nacisté se stávají ještě bezcitnějšími, člověk je v těchto podmínkách pouhou lovnou zvěří, ale všichni vězňové přesto do poslední vteřiny svého života doufají, že toto peklo nakonec přežijí. Silné dílo končí osvobozením tábora. | |
| 648 | 7 | |a 1939-1945 |7 ch460653 |2 czenas | |
| 650 | 0 | 7 | |a koncentrační tábory |7 ph121782 |y 1939-1945 |2 czenas |
| 650 | 0 | 7 | |a druhá světová válka (1939-1945) |7 ph117270 |2 czenas |
| 650 | 0 | 9 | |a concentration camps |y 1939-1945 |2 eczenas |
| 650 | 0 | 9 | |a World War (1939-1945) |2 eczenas |
| 655 | 7 | |a německé romány |7 fd132945 |2 czenas | |
| 655 | 7 | |a válečné romány |7 fd133831 |2 czenas | |
| 655 | 9 | |a German fiction |2 eczenas | |
| 655 | 9 | |a war novels |2 eczenas | |
| 700 | 1 | |a Houbová, Věra, |d 1927- |7 jn20001031031 |4 trl | |
| 856 | 4 | 1 | |u https://www.bookport.cz/AccountSaml/SignIn/?idp=https%3A%2F%2Fshibboleth.nkp.cz%2Fidp%2Fshibboleth&returnUrl=/kniha/jiskra-zivota-13674/ |y Plný text - pro registrované uživatele NK ČR |4 N |
| 900 | |a ABA001 |b 20 | ||
| 928 | 9 | |a Euromedia Group - Ikar | |
| 044 | |a xr | ||
| 910 | |a RBIT002 | ||
| 998 | |d 172246 |a https://core.palmknihy.cz/api/books/172246/cover?styued |b https://core.palmknihy.cz/api/books/172246/cover/400?styued |c https://core.palmknihy.cz/api/books/172246/cover/50?styued |e 2026-11-23 |g 368 |i 9788024947365 |j https://core.palmknihy.cz/api/books/172246/preview.epub |l |q 49 |r 1 |s https://www.palmknihy.cz/kniha/172246 |t ebook |y 2022 |z 0 | ||
| 999 | |d 310647 | ||